| 000 | 00490nam a2200169Ia 4500 | ||
|---|---|---|---|
| 008 | 090201s9999 xx 000 0 und d | ||
| 010 | _aKPL-64052 | ||
| 040 | _bमराठी | ||
| 041 | _aमराठी | ||
| 082 |
_a333 _b64052 |
||
| 100 | _aसुहास शिरवळकर | ||
| 245 |
_aथरारक _cसुहास शिरवळकर |
||
| 260 |
_c2004 _bशशीदीप प्रकाशन |
||
| 300 | _a252 | ||
| 600 | _aथरारक | ||
| 942 | _cBOOK | ||
| 999 |
_c201482 _d201482 |
||